| 000 | 01173nam a22002897a 4500 | ||
|---|---|---|---|
| 005 | 20120830104449.0 | ||
| 008 | 120830t xxu||||| |||| 00| 0 eng d | ||
| 010 | _aENG-105694 | ||
| 020 |
_a9780198089438 _c350.00 |
||
| 020 |
_a0198089430 _c350.00 |
||
| 035 | _aEN-89227 | ||
| 037 | _bDBAD / PUB | ||
| 040 |
_adpl _bEnglish |
||
| 082 | _a331.798 | ||
| 100 |
_aBreman,Jan _93432 |
||
| 245 |
_aOutcast labour in Asia : _cby Jan Breman _bcirculation and informalization of the workforce at the bottom of the economy / |
||
| 260 |
_aNew Delhi _bOxford University Press _c2012 |
||
| 270 |
_aYMCA Library Building, Jai Singh Road, _bNew Delhi _e110001 |
||
| 300 |
_axii, 391p. _c23cm (pbk) |
||
| 490 |
_aOxford collected essays _951781 |
||
| 500 | _aIncludes index | ||
| 650 |
_aUnskilled labour _zIndia _93434 _xCase Studies |
||
| 650 |
_aUnskilled labour _zIndonesia _93435 _xCase Studies |
||
| 650 |
_aUnskilled labour _zChina _93436 _xCase Studies |
||
| 942 |
_2ddc _cEN _mBRE _h331.798 |
||
| 999 |
_c36955 _d36955 |
||